000 00580nam a22002297a 4500
003 UA-OsUOA
001 136212
007 ta
008 20190314b un ||||| |||| 00| 0 ukr d
100 _aРябов И.
090 _a821.161.2
_bР98
942 _cBK
040 _aUA-OsUOA
_brus
_cUA-OsUOA
_dUA-OsUOA
245 _aВо глубине России
300 _a542 с.
955 _a3
041 _arus
080 _a821.161.2
260 _aМ.
_bПравда
_c1967
650 7 _a82 Література. Літературознавство
_2UDC
999 _c418749
_d418749